| 000 | 00905cam a22002175a 4500 | ||
|---|---|---|---|
| 001 | L156289 | ||
| 008 | 120510s1875 xxk f 000 0 eng d | ||
| 035 | _a(Sirsi) u156289 | ||
| 041 | 0 | _aeng | |
| 100 | 1 | _aMenzies, William | |
| 245 | 0 | 0 |
_aForest trees and woodland scenery, as described in ancient and modern poets _cby William Menzies ; illustrated in chromo-lithography by M. & N. Hanhart ; after water-color drawings by Sir Howard Elphinstone, W.L. Walton and A.Y. Nutt |
| 260 |
_aLondon _bLongmans, Green _c1875 |
||
| 300 |
_avi, 151 p., [20] leaves of plates (inc. front.) _bcol. ill. _c37 cm. |
||
| 583 | 0 |
_aCondition reviewed _c20120620 _lcondition level 4, detached boards and spine |
|
| 651 | 4 |
_aGreat Britain _y1707- |
|
| 690 |
_aRural _96268 |
||
| 700 | 1 |
_aElphinstone, Howard Warburton _cSir _d1830-1917 |
|
| 700 | 1 | _aWalton, W. L. | |
| 700 | 1 |
_aNutt, Alfred Young _d1847-1924 |
|
| 942 | _n0 | ||
| 999 |
_c114157 _d114157 |
||